|
|
|
|
| LEADER |
01324nam a22003137a 4500 |
| 001 |
34852 |
| 003 |
BD-DhAAL |
| 005 |
20250826131733.0 |
| 008 |
190723t19861986bg ||||| |||| 00| 1 ben d |
| 020 |
|
|
|a 978984454484100
|
| 040 |
|
|
|a BD-DhAAL
|c BD-DhAAL
|
| 041 |
|
|
|a ben
|
| 082 |
|
|
|2 23
|a 891.44371
|
| 100 |
|
|
|a ইকবাল, মুহম্মদ জাফর.
|9 33045
|
| 245 |
|
|
|a দুষ্টু ছেলের দল /
|c মুহম্মদ জাফর ইকবাল.
|
| 246 |
|
|
|a Dusta cheler dal
|
| 250 |
|
|
|a পঞ্চদশ সংস্করণ.
|
| 260 |
|
|
|a ঢাকা :
|b শিখা প্রকাশনী,
|c ১৯৮৬.
|
| 300 |
|
|
|a ৮৭ পৃষ্ঠা ;
|c ২২ সে.মি.
|
| 500 |
|
|
|a পঞ্চদশ সংস্করণ ২০১৯
|
| 526 |
|
|
|a Residential Campus
|
| 541 |
|
|
|a Development Book Agency
|e 34852
|
| 650 |
|
|
|a Bengali fiction
|z Bangladesh.
|9 33046
|
| 650 |
|
|
|a Children's stories, Bengali.
|
| 650 |
|
|
|a Children's stories, Bengali
|z Bangladesh.
|9 42275
|
| 852 |
|
|
|a Savar Campus Library
|c General Stacks
|
| 942 |
|
|
|2 ddc
|c BK
|
| 999 |
|
|
|c 40934
|d 40934
|
| 952 |
|
|
|0 0
|1 0
|2 ddc
|4 0
|6 891_443710000000000_IQB
|7 0
|9 65699
|a SCL
|b SCL
|c GEN
|d 2019-07-17
|e Development Book Agency
|g 110.00
|l 5
|m 7
|o 891.44371 IQB
|p 3020034852
|r 2026-04-19
|s 2026-04-06
|t 1
|v 110.00
|w 2019-07-17
|y BK
|